00423nam a2200157Ia 45000010005000000080041000050200018000460400013000640820019000771000028000962450068001242600009001923000011002015460007002126500046002199070140326s9999 xx 000 0 und d a0-86232-808-x cPK-LaUMT a 320.956bPOW- aBerberogulu, Berch, Ed. aPower and stability in the middle eastcBerberogulu, Berch, Ed. c1989 a206 p. aEN aMiddle East-Politics and government-1979-